000 00356nam a22001577a 4500
005 20160620142130.0
008 160620b xxu||||| |||| 00| 0 eng d
020 _a978-1-4053-0100-8
041 _aeng
082 _b8560
245 _aFrench in three months
260 _bDarling Kindoms log
300 _a256
650 _aManagement
_9241
942 _cBK
999 _c3285
_d3284